000 00465 a2200169 4500
003 OSt
005 20231222105951.0
008 231222b |||||||| |||| 00| 0 eng d
020 _a8181435370
040 _coclc
082 _a891.432
_bMOL/B
100 1 _aMolière,
_d1622-1673
_910191
245 _aBICHCHHOO /
_cMoliere
260 _aNew Delhi:
_bVani Prakashan
_c2016
300 _a63p
942 _2ddc
_cBK
_h891.432
_iMOL/B
_k891.432
_mMOL/B
999 _c43524
_d43524